Actualidad en geriatría
Saved in:
| Main Author: | |
|---|---|
| Format: | Journal |
| Language: | Spanish |
| Published: |
Buenos Aires :
E.C.S.A.,
|
| Subjects: |
| LEADER | 00539cas#a2200205#a#4500 | ||
|---|---|---|---|
| 001 | 016042 | ||
| 005 | 20170109105623.0 | ||
| 008 | 990616c1996####ag####p#############spa#d | ||
| 040 | |a AR-beUNQ | ||
| 099 | |a P-AR-ACT2 [En Depósito C1] | ||
| 100 | 1 | |a Athabe, Omar | |
| 245 | 0 | 0 | |a Actualidad en geriatría |c Omar Athabe. |
| 260 | |a Buenos Aires : |b E.C.S.A., | ||
| 300 | |a v. | ||
| 650 | 7 | |a GERIATRIA |2 Spines | |
| 650 | 7 | |a ENVEJECIMIENTO (Biología) |2 Spines | |
| 866 | 0 | |a 1996 3(15) | |
| 929 | |j 26066 |i 01062016 | ||
| 942 | |c REV |n 0 | ||
| 999 | |c 26694 |d 109500 | ||